| 000 | 004410000a22001450004500 | ||
|---|---|---|---|
| 050 | 4 | _aCD 049 | |
| 110 | 1 | _aBiblioteca Luis Ángel Arango | |
| 245 | 1 | 0 | _aCatálogo de Colecciones 2003 / Banco de la República, Biblioteca Luis Ángel Arango |
| 260 | _aBogotá : Biblioteca Luis Angel Arango | ||
| 001 | 13615 | ||
| 942 | _cBK | ||
| 999 |
_c42572 _d42572 |
||
| 336 |
_atexto _btxt _2rdacontent |
||
| 337 |
_2rdamedia _asin mediación _bn |
||
| 338 |
_2rdacarrier _avolumen _bnc |
||